Dyke's automobile and gasoline engine encyclopedia (Record no. 548172)

000 -LEADER
fixed length control field 00763cam a2200169K 4500
082 ## - DEWEY DECIMAL CLASSIFICATION NUMBER
Classification number 629.203
Author Mark DYK
-- L-17, P-9
100 1# - MAIN ENTRY--PERSONAL NAME
Personal name Dyke, A. L.
9 (RLIN) 44354
245 10 - TITLE STATEMENT
Title Dyke's automobile and gasoline engine encyclopedia
Remainder of title the elementary principles, construction, operation and repair of automobiles, gasoline engines and automobile electric systems; including trucks, tractors, and motorcycles, simple, thorough and practical,
Statement of responsibility, etc. by A.L. Dyke.
250 ## - EDITION STATEMENT
Edition statement 13th ed.,
260 ## - PUBLICATION, DISTRIBUTION, ETC.
Place of publication, distribution, etc. Chicago,
Name of publisher, distributor, etc. Goodheart-Willcox Co.,
Date of publication, distribution, etc. 1924.
300 ## - PHYSICAL DESCRIPTION
Extent 1 online resource (1226 p.)
Other physical details illus.
526 ## - STUDY PROGRAM INFORMATION NOTE
Program name 0
Interest level 0
Reading level 0
Title point value 629_203000000000000_DYK
650 #0 - SUBJECT ADDED ENTRY--TOPICAL TERM
Topical term or geographic name entry element Automobiles.
9 (RLIN) 38699
650 #0 - SUBJECT ADDED ENTRY--TOPICAL TERM
Topical term or geographic name entry element MCE
9 (RLIN) 379
856 40 - ELECTRONIC LOCATION AND ACCESS
Uniform Resource Identifier <a href="http://catalog.hathitrust.org/api/volumes/oclc/414290.html">http://catalog.hathitrust.org/api/volumes/oclc/414290.html</a>
942 ## - ADDED ENTRY ELEMENTS (KOHA)
Source of classification or shelving scheme
Koha item type Book
Holdings
Withdrawn status Lost status Source of classification or shelving scheme Damaged status Not for loan Permanent Location Current Location Date acquired Total Checkouts Full call number Barcode Date last seen Price effective from Koha item type
          Military College of Engineering (MCE) Military College of Engineering (MCE) 08/25/2014   629.203 DYK MCE-41004 08/25/2014 08/25/2014 Book
© 2023 Central Library, National University of Sciences and Technology. All Rights Reserved.